00470nam a22001697a 450000500170000000800410001704000070005804100120006508200220007710000230009924500290012226000550015130000330020665000160023965000200025570000250027520230411142459.0230411b ||||| |||| 00| 0 eng d cAL aEnglish 223a511/222bRAOT aB M Sreenivasa Rao aText Book of Mathematics aBangalorebExcellent Educational Enterprisesc1998 axxiv,939 p.bPBc21.5x14 cm. aMathematics aSecond Year Puc aRAO (B M Sreenivasa)